000 00753nam a2200253Ia 4500
003 OSt
005 20220928102638.0
006 a|||||r|||| 00| 0
007 ta
008 220927b |||||||| |||| 00| 0 eng d
020 _c295
024 _a100037
037 _b93, 25/09/2009, Swaraj Prakashan
_cTextual
040 _aSDCL
_cSDCL
_beng
041 _2eng
_aeng
082 _aO152,1J:g(Q224), P9
100 _aPradhan Chakradhar
_9399583
245 0 _aMadhyakalin Hindi aur Udiya ramkavya
260 _aDelhi
_bHarsh Publications
_c2009
300 _a172p.
_ccm.
650 _aHindi
_9391598
942 _hO152,1J:g(Q224), P9
_cTEXL
_2CC
999 _c715448
_d715448